|
|
|
|
| LEADER |
00000nab a2200000 a 4500 |
| 001 |
vtls009165074 |
| 003 |
SK-MaSNL |
| 005 |
20260304033817.0 |
| 008 |
071205c20071022xo dr n 000 00slo |
| 015 |
|
|
|a SNBRB2007/12SVKPO
|
| 038 |
|
|
|a SVKPOCL
|
| 040 |
|
|
|a SVKPOCL
|b slo
|c AACR2
|e AACR2
|
| 041 |
|
|
|a slo
|
| 044 |
|
|
|a xo
|c SK
|
| 080 |
|
|
|a 78.079
|2 2001
|
| 080 |
|
|
|a 785.161.079
|2 2001
|
| 080 |
|
|
|a 78.036
|2 2001
|
| 100 |
1 |
|
|a Seman, Marek
|4 aut
|9 780060
|
| 245 |
1 |
0 |
|a To tu ešte nebolo...
|b džezový festival dvíhal zo sedadiel
|c [autor] (ms)
|
| 300 |
|
|
|a Fotogr.
|
| 611 |
2 |
7 |
|a Jazz Prešov
|n (16. :
|d 2007 :
|c Prešov, Slovensko)
|2 svkpocl
|9 1316018
|
| 611 |
2 |
7 |
|a Pilsner Urquell Jazz Prešov
|n (16. :
|d 2007 :
|c Prešov, Slovensko)
|2 svkpocl
|9 1316019
|
| 650 |
0 |
7 |
|a džez
|2 svkpocl
|9 3178
|
| 650 |
0 |
7 |
|a festivaly
|2 svkpocl
|9 3406
|
| 651 |
|
7 |
|a Prešov (Slovensko)
|2 svkpocl
|9 17347
|
| 773 |
0 |
|
|t Prešovský večerník
|g Roč. XVIII, č. 4310 (22.10.2007), s. 7
|x 1336-4030
|
| 852 |
|
|
|a SVKPO
|b KIS3GCP
|
| 856 |
4 |
1 |
|u www.vecernik.po.sk
|
| 999 |
|
|
|c 2649913
|d 2651843
|